| 000 | 00454nam a22001817a 4500 | ||
|---|---|---|---|
| 003 | CEME | ||
| 005 | 20210628203539.0 | ||
| 008 | 210119b xxu||||| |||| 00| 0 eng d | ||
| 020 | _a9780750657419 | ||
| 040 | _c. | ||
| 082 | _a658.4013 OAK | ||
| 100 |
_aOakland, John S _9867 |
||
| 245 | _aOakland on quality management | ||
| 260 |
_aINDIA _bELSEVIER _c2009 |
||
| 300 | _aX,476P | ||
| 650 |
_aOAKLAND ON QUALITY MANAGEMENT _966173 |
||
| 942 |
_cBK _2ddc |
||
| 999 |
_c574181 _d574181 |
||